Biblioteca

Los Ticunas (Registro nro. 68119)

Detalles MARC
000 -LÍDER
Campo fijo de descripción fija 01062nas a2200217 i 4500
001 - NÚMERO DE CONTROL
Campo de control 768714001
003 - IDENTIFICADOR DEL NÚMERO DE CONTROL
Campo de control CO-MdFUSB
005 - FECHA Y HORA DE LA ULTIMA TRANSACCIÓN
control field 20240823123935.0
008 - ELEMENTOS DE LONGITUD FIJA -- INFORMACIÓN GENERAL
Campo fijo de descripción fija -- Información general 220906s1986 ck ||||| |||| 00| 0 spa d
040 ## - FUENTE DE CATALOGACIÓN
Idioma de catalogación spa
Agencia que realiza la transcripción CO-MdFUSB
Agencia que realiza la modificación CO-MdFUSB
041 ## - CÓDIGO DE IDIOMA
Código de idioma para texto/pista de sonido o título separado spa
110 ## - ASIENTO PRINCIPAL--NOMBRE CORPORATIVO
Nombre corporativo o de jurisdicción como elemento de entrada Centro Antropologico Colombiano ETHNIA
245 #4 - TÍTULO
Título Los Ticunas
Mención de responsabilidad / Centro Antropologico Colombiano ETHNIA
300 ## - DESCRIPCIÓN FÍSICA
Extensión Volumen 64, (septiembre, 1986) páginas: 5 - 91
Dimensiones ; 23 cm
520 ## - NOTA DE RESUMEN, ETC.
Nota de sumario, etc. Marco geográfico / Arcelia Cifuentes -- Grupos indígenas del trapecio amazónico. / Arcelia Cifuentes- -Tecnología y Economía. / Arcelia Cifuentes -- Organización social. / Juan Antonio Font -- Creencias y prácticas mágico-religiosas. / Juan Antonio Font -- Cambio cultural arara ayer y hoy. / Juan Antonio Font
650 #7 - ASIENTO SECUNDARIO DE MATERIA - TERMINO TEMÁTICO
9 (RLIN) 3
Término temático o nombre geográfico como elemento de entrada Cultura
650 #7 - ASIENTO SECUNDARIO DE MATERIA - TERMINO TEMÁTICO
Término temático o nombre geográfico como elemento de entrada Antropología cultural y social
9 (RLIN) 6714
773 0# - ASIENTO DE ITEM FUENTE
Biblionumber 49438
Itemnumber 81251
Lugar, editorial y fecha de publicación Centro Antropológico Colombiano
Otro identificador del ítem R1676
Título Ethnia
Número de control del registro (CO-MdFUSB)768714001
Parte(s) relacionada(s) / Volumen., número. (mes año), páginas Volumen 64, (septiembre, 1986) páginas: 5 - 91
Enumeración y primera página página: 5
942 ## - TIPO DE MATERIAL (KOHA)
Tipo de Item KOHA Artículos de Revista
945 ## - INFORMACIÓN LOCAL DEL REGISTRO
Catalogador AF

No hay ítems disponibles.

Biblioteca FUSBC | Teléfono: (57+4) 349 88 10 Ext. 141| WhatsApp (+57) 3005338115 
E-mail: biblioteca@unisbc.edu.co | Calle 76 87-14 Robledo Palenque, Medellín, Colombia

Con tecnología Koha